00502nam a2200157Ia 4500003000900000008004100009020002200050040001600072080002500088245009200113260004000205300001800245650002500263650003100288700002500319IN-BaIIA211028s9999 xx 000 0 eng d a978-0-470-03634-1 cIIA Library a621.396.67(035)bMOD 0aModern antenna handbookcedited by C. A Balanis  aNew JerseybJohn Wiley & Sonsc2008 axviii, 1680p. aAntennas: Electronic aModern antennas - handbook aBalanis, C. A ., ed.